| 000 | 00813nas a2200265 4500 | ||
|---|---|---|---|
| 001 | BR2014006564 | ||
| 003 | BR-BrBNA | ||
| 005 | 20231205124640.0 | ||
| 007 | ta | ||
| 008 | 230509b bl.|||p| |||| 00| 00por d | ||
| 040 |
_aBR-BrBNA _bpor _cBiblioteca Nacional de Agricultura |
||
| 041 | _a(En) | ||
| 072 | _aH20; F04 | ||
| 100 | 1 | _aPinto, Z.V. | |
| 100 | 1 | _aMorandi, M.A.B. | |
| 100 | 1 | _aBertiol, W. | |
| 245 | 1 | _aInduction of suppressiveness to Fusarium wilt of chrysanthemum with composted sewage sludge | |
| 650 | _aCRISANTEMO | ||
| 650 | _aFUSARIUM | ||
| 650 | _aLODO RESIDUAL | ||
| 650 | _aMATERIA ORGANICA | ||
| 773 | 0 |
_tTropical Plant Pathology (Brazil) _xISSN 1982-5676 _g(Sep-Oct 2013), v. 38(5) p. 414-422 _wBR2014006564 |
|
| 909 |
_a202311 _bLúcia _c55 _dLúcia Elande |
||
| 942 |
_2AGRIS _n0 _cANA |
||
| 999 |
_c240169 _d240169 |
||